000 00510nam a2200181Ia 4500
008 090123s9999 xx 000 0 und d
082 _b7368
_a891.463/शिरव
100 _aशिरवळकर सुहास
245 _aतलाश
250 _a1
260 _bआरती प्रकाशन
300 _a195
600 _aशिरवळकर सुहास
630 _aतलाश
700 _aशिरवळकर सुहास
730 _aतलाश
942 _cBOOK
999 _c45434
_d45434